The new sales manager (Record no. 6839)

MARC details
000 -LEADER
fixed length control field 00836 a2200217 4500
005 - DATE AND TIME OF LATEST TRANSACTION
control field 20080911144219.0
008 - FIXED-LENGTH DATA ELEMENTS--GENERAL INFORMATION
fixed length control field 080911t xxu||||| |||| 00| 0 eng d
010 ## - LIBRARY OF CONGRESS CONTROL NUMBER
LC control number ENG-87715
020 ## - INTERNATIONAL STANDARD BOOK NUMBER
Terms of availability 295.00
International Standard Book Number 8178297668
035 ## - SYSTEM CONTROL NUMBER
System control number EN-71248
037 ## - SOURCE OF ACQUISITION
Source of stock number/acquisition D.B.Act / Pub
082 ## - DEWEY DECIMAL CLASSIFICATION NUMBER
Classification number 658.81
100 ## - MAIN ENTRY--PERSONAL NAME
Personal name Vieira, Walter
245 ## - TITLE STATEMENT
Title The new sales manager
Statement of responsibility, etc by Walter Vieira
Remainder of title challanges for the 21st century
250 ## - EDITION STATEMENT
Edition statement 2nd ed.
260 ## - PUBLICATION, DISTRIBUTION, ETC. (IMPRINT)
Place of publication, distribution, etc New Delhi
Name of publisher, distributor, etc Response Books
Date of publication, distribution, etc 2007
270 ## - ADDRESS
Address B1/11, Mohan Cooperative Industrial Area, Mathura Road
City New Delhi
Postal code 110044
300 ## - PHYSICAL DESCRIPTION
Extent 202 p.
Dimensions 19 cm. (Pbk.)
942 ## - ADDED ENTRY ELEMENTS (KOHA)
Institution code [OBSOLETE] dpl
Koha item type English Books
Call number prefix 658.81 / VIE
Source of classification or shelving scheme Dewey Decimal Classification
Classification part 658.81
Call number suffix VIE
Holdings
Withdrawn status Lost status Damaged status Not for loan Collection code Home library Current library Date acquired Cost, normal purchase price Total Checkouts Full call number Barcode Date last seen Copy number Uniform Resource Identifier Cost, replacement price Price effective from Koha item type
      Not For Loan Non-fiction D.B.Act.Division D.B.Act.Division 11/09/2008 295.00   658.81 VIE EN-71248 15/09/2008 1 7343 295.00 15/09/2008 English Books

© Delhi Public Library
Hit Counter
free hit counter